000 00349nam a2200145Ia 4500
008 230312s9999||||xx |||||||||||||| ||und||
020 _a9789696520672
082 _a891.4
_bALF-C
100 _aایلف شفق
245 0 _aچالیس چراغ عشق کے
260 _bJamhori
_apak
_c2017
300 _a3747
650 _aLiterature
942 _cBK
999 _c14859
_d14859